[Event "Lahijan op 4th"]
[Site "Lahijan"]
[Date "2005.08.28"]
[Round "2"]
[White "Rafiei, Akbar"]
[Black "Mahjoob, Morteza"]
[Result "0-1"]
[WhiteElo "2088"]
[BlackElo "2442"]
[PlyCount "62"]
[EventDate "2005.08.24"]
[EventType "swiss"]
[EventRounds "10"]
[EventCountry "IRI"]
[SourceTitle "CBM 108 Extra"]
[Source "ChessBase"]
[SourceDate "2005.11.04"]
[SourceVersion "1"]
[SourceVersionDate "2005.11.04"]
[SourceQuality "1"]

1. d4 Nf6 2. c4 e6 3. Nf3 b6 4. Bg5 Bb7 5. e3 h6 6. Bh4 g5 7. Bg3 Ne4 8. Be5 f6 9. Bg3 h5 10. Bd3 h4 11. Qc2 f5 12. Be5 Rg8 13. h3 Nc6 14. a3 Nxe5 15. dxe5 g4 16. hxg4 Rxg4 17. Rh2 Qe7 18. Nd4 Qg7 19. f3 Qxe5 20. Rh3 Ng5 21. fxg4 Nxh3 22. gxh3 Qxe3+ 23. Ne2 Qxh3 24. gxf5 Qh1+ 25. Kd2 h3 26. Qc3 0-0-0 27. Ng3 Qg2+ 28. Be2 Bd6 29. Nf1 exf5 30. Kd1 Re8 31. Qd3 Rxe2 0-1